000 03022nam a22003497a 4500
003 CO-CtgCURN
005 20250429224147.0
007 ta
008 170417s2013 xxu 000 0 spa d
020 _a9788471124371
040 _aCO-CtgCURN
_bspa
_ccoctgcurn
082 0 _a372.3
_bG623
100 1 _aGoldschmied, Elinor.
245 1 3 _aLa educación infantil de 0 a 3 años /
_cElinor Goldschmied, Sonia Jackson ; [traducción de Roc Filella].
250 _a4a ed.
260 _aMadrid :
_bEdiciones Morata,
_c2013.
300 _a251 p. ;
_c23 cms.
336 _2rdacontent
337 _2rdamedia
338 _2rdacarrier
504 _aBibliografía pp.235-240.
505 8 _aValores y principios. Organizacion de los espacios. La persona clave. La dirección y el trabajo en una escuela infantil. Los bebés en la escuela infantil. El Cesto del tesoro. El segundo año de vida. El juego heurístico con objetos. Los niños de 2 a 3 años. La hora de comer. Las actividades al aire libre. Las relaciones profesionales con los padres. Los niños con problemas. Las familias con problemas. Mirar hacia adelante
520 _aEste libro propone una nueva forma de abordar la educación de los niños y niñas mñs pequeños al considerar, ademñs del trabajo cotidiano del profesorado en sus aulas, los avances teoricos que se estñn realizando sobre el desarrollo infantil. Todas las ideas expuestas se han desarrollado y comprobado en centros de educación infantil y en escuelas de madres y padres. Las autoras incluyen en esta obra orientaciones detalladas sobre juegos educativos para bebés y para niños y niñas que comienzan a caminar; proponen y desarrollan el rol de ư̐persona clave ư̐ que atiende las necesidades emotivas de la infancia; ofrecen numerosas sugerencias para organizar los espacios interiores y exteriores de las escuelas infantiles y, asimismo, prestan mucha atencion a las relaciones que es preciso establecer con las familias. E. GOLDSCHMIED y S. JACKSON han reunido múltiples experiencias para elaborar un texto que serñ de gran utilidad prñctica a padres y madres, asistentes sociales, estudiantes de educación infantil, psicopedagogía o psicología, así como al profesorado. Elinor GOLDSCHMIED estñ considerada como una de las expertas europeas mñs prestigiosas en educación infantil. Actualmente trabaja como asesora en el Reino Unido, Italia y España. Sonia JACKSON es una figura destacada en el mundo de la asistencia social y conocida internacionalmente por sus Investigaciones sobre el bienestar del niño. Es Catedrñtica de Estudios Sociales Aplicados en el University College de Swansea, Reino Unido.
590 _aEspecializacion en pedagogía
650 1 4 _aEducación infantil.
650 1 4 _aNiños
_vEducación.
650 1 4 _aEnseñanza preescolar.
650 1 4 _aGuarderias.
700 1 _aJackson, Sonia.
942 _cBK
_h372.3
_iG623
_2ddc
999 _c41193
_d41193